000 02018nam0a2200397 4500
001 RU\NLR\BIBL_A\022094744
005 20240521120743.0
010 _a978-5-88940-164-3
_9200
021 _aRU
_bКН-П-23-071678
_9КН-П-23-7260
035 _a(NLR Aleph) 022094744
090 _a12727770
_c12727770
100 _a20231212d2023 k y0rusy50 ca
101 0 _arus
102 _aRU
105 _aа z 000yy
181 0 _ai
_baxxe
182 0 _an
200 1 _aМультиспектральный интеллектуальный мониторинг природной и техногенной среды
_eмонография
_fС. А. Барталев, Е. В. Бурнаев, В. С. Верба [и др.]
_gпод редакцией академика РАН В. Я. Панченко
203 _aТекст
_bвизуальный
_cнепосредственный
210 _aСамара
_cНовая техника
_d2023
215 _a183, [1] с.
_cил., цв. ил.
_d22
300 _aАвт. указаны на обороте тит. с.
320 _aБиблиогр.: с. 157-180 (204 назв.)
606 1 _aТехносфера
_xБезопасность жизнедеятельности
_xМониторинг
_2nlr_sh2
_3RU\NLR\AUTH\6601685653
606 1 _aПриродная среда
_xМониторинг
_2nlr_sh2
_3RU\NLR\AUTH\661554312
607 _aЗемля, планета
_xДистанционное зондирование
_2nlr_sh2
_3RU\NLR\AUTH\661366771
686 1 _aД0в751
686 1 _aЦ69,5(0)0
701 1 _aБарталев
_bС. А.
_gСергей Александрович
701 1 _aБурнаев
_bЕ. В.
_f1983-
_gЕвгений Владимирович
_3RU\NLR\AUTH\770141901
701 1 _aВерба
_bВ. С.
_f1954-
_gВладимир Степанович
702 1 _aПанченко
_bВ. Я.
_gВладислав Яковлевич
_4340
942 _cBOOK
980 _aNB